| 000 | 00794nam a2200217 a 4500 | ||
|---|---|---|---|
| 003 | 0 | ||
| 005 | 20250618104636.0 | ||
| 008 | 021115s19uu xx 00 eng d | ||
| 050 |
_aPGS LC 225 _b.T655 1999 |
||
| 100 | _aTomagan, Jericho Martin C. | ||
| 245 |
_aThe effects on the relationship of schoolwork with having a father working abroad / _cJericho Martin C. Tomagan. |
||
| 260 |
_aLas PiƱas City, Philippines : _bSouthville International School and Colleges, _c1999. |
||
| 300 |
_a43 pages : _billustrations ; _c28 cm. |
||
| 504 | _aIncludes bibliographical references. | ||
| 650 | _aChildren of overseas Filipino workers. | ||
| 650 | _aFather absence. | ||
| 650 | _aAcademic achievement. | ||
| 650 | _aParent and child. | ||
| 650 |
_aStudents _vPsychology. |
||
| 942 |
_2lcc _cPASS |
||
| 999 |
_c96174 _d96174 |
||